| 000 | 00584nam a2200181Ia 4500 | ||
|---|---|---|---|
| 005 | 20250508161619.0 | ||
| 008 | 008 250505s9999 xx 000 0 eng d | ||
| 037 | _aTextual | ||
| 040 |
_aFEDL _beng _cFEDL |
||
| 041 |
_aeng _2eng |
||
| 084 |
_a428.6, SHE _qFEDL |
||
| 100 |
_aShefter Harry _9771051 |
||
| 245 | 0 | _aTeacher's guide to supplementary reading | |
| 260 |
_aNew York, USA _bWashington Square Press _c1968 |
||
| 546 | _aA collected teacher's manual to thirty-four collateral classics; Weeded out | ||
| 942 |
_cTEXL _h428.6, SHE |
||
| 999 |
_c1371126 _d1371126 |
||